Famous People In History - Statistics

General Stats
  • This quiz has been taken 106 times
  • The average score is 4 of 8
Answer Stats
Hint Answer % Correct
Created Theory of Relativity Albert Einstein
86%
Person said to have shot JFK Lee Harvey Oswald
79%
Only English king to abdicate Edward VIII
60%
Wrote Alice's Adventures in Wonderland Lewis Carroll
55%
Invented the car Karl Benz
43%
First Prime Minister of the UK Robert Walpole
13%
Nurse in the Crimean War (it’s not what you think!) Mary Seacole
10%
Led suffragettes in early 20th century Emmeline Pankhurst
9%
No matching quizzes found
Score Distribution
Percent of People with Each Score
Percentile by Number Answered
Your Score History
You have not taken this quiz